00684nam a22001817a 4500003000900000008004100009040007100050082001800121100002600139245007000165260003100235300002800266505015700294650001100451650001300462650001100475700001600486AR-CdUCM190508b ||||| |||| 00| 0 spa d aMUNICIPALIDAD PROVINCIAL DEL CUSCOcBIBLIOTECA MUNICIPAL DEL CUSCO a940.53 /bE33 aEisenhower, Dwight D. aHistoria de la guerra : bDesde la invasión hasta la victoria / aBarcelona :bMateu,c1963. a345 páginas ;c19 cm. aContenido : Nombramiento de jefe supremo de las fuerzas expedicionarias aliadas -- Prefacio -- Sumario de las operaciones en el noroeste de Europa ...  aGuerra aHistoria aEuropa aVallé, J.